| 000 | 00667nam a2200193 4500 | ||
|---|---|---|---|
| 005 | 20241021124510.0 | ||
| 010 | _aENG-142206 | ||
| 020 |
_c220.00 _a9798170580521 |
||
| 035 | _aEN-125738 | ||
| 037 | _bDBAD | ||
| 082 | _a181.499 | ||
| 100 |
_aPurani, A.B. _973032 |
||
| 245 |
_aThe Life Of Sri Aurobindo/ _cA.B. Purani |
||
| 250 | _aF5 | ||
| 260 |
_aPondicherry _bSri Aurobindo Asharam Publication Department _c2013 |
||
| 270 |
_bPondicherry _e605002 |
||
| 300 |
_a488p. _c22cm(pb) |
||
| 942 |
_2ddc _cEN _h181.499 _mPUR _ef5 |
||
| 999 |
_c206513 _d206513 |
||